00690nam a2200181Ia 4500001001000000003000500010008004100015010001100056040000900067100003400076245015800110260003500268300001000303502007100313650004100384650003000425710005300455Para_1334CHAP220125s1998 xx 000 0 und d a200042 cCHAP aMartínez Bolaños, Luciano aDiagnóstico y control de enfermedades del singonio (Sygonium spp.), en Cuautla Mor., y Xochimilco, D.F., México /c por Luciano Martínez Bolaños aChapingo, Méx. :b El autor a52 h. aTesis (M.C. en Protección Vegetal), UACh. Depto. Parasitología aPlantas ornamentales x enfermedades aSingonio x enfermedades  aUACh. Departamento de Parasitología Agrícola